La diócesis de Albacete (Record no. 188423)

MARC details
000 -LEADER
campo de control de longitud fija 01245nam a2200325 i 4500
001 - NÚMERO DE CONTROL
campo de control 188423
003 - IDENTIFICADOR DE NÚMERO DE CONTROL
campo de control SpMaBN
005 - FECHA Y HORA DE LA ÚLTIMA TRANSACCIÓN
campo de control 20231219133702.0
008 - DATOS DE LONGITUD FIJA--INFORMACIÓN GENERAL
campo de control de longitud fija 180920s2016 sp a |||| |dspa d
020 ## - NÚMERO INTERNACIONAL ESTÁNDAR DEL LIBRO
Número Internacional Estándar del Libro 978-84-220-1902-2
080 ## - NÚMERO DE LA CLASIFICACIÓN DECIMAL UNIVERSAL
Número de la Clasificación Decimal Universal 27-9(460.288)
080 ## - NÚMERO DE LA CLASIFICACIÓN DECIMAL UNIVERSAL
Número de la Clasificación Decimal Universal 272-722.52(460.288.2)
080 ## - NÚMERO DE LA CLASIFICACIÓN DECIMAL UNIVERSAL
Número de la Clasificación Decimal Universal 272-772(460.288.2)
100 1# - ENTRADA PRINCIPAL--NOMBRE DE PERSONA
Nombre de persona Vilar, María José.
9 (RLIN) 114799
245 13 - MENCIÓN DEL TÍTULO
Título La diócesis de Albacete
Resto del título : una aproximación al catolicismo español actual /
Mención de responsabilidad, etc. María José Vilar.
260 ## - PUBLICACIÓN, DISTRIBUCIÓN, ETC.
Lugar de publicación, distribución, etc. Madrid :
Nombre del editor, distribuidor, etc. Biblioteca de Autores Cristianos,
Fecha de publicación, distribución, etc. 2016.
300 ## - DESCRIPCIÓN FÍSICA
Extensión XXII, 173 p. :
Otras características físicas il. ;
Dimensiones 21 cm.
490 1# - MENCIÓN DE SERIE
Mención de serie Estudios y ensayos BAC ;
Designación de volumen o secuencia 195.
Mención de serie Historia
500 ## - NOTA GENERAL
Nota general Índices.
504 ## - NOTA DE BIBLIOGRAFÍA, ETC.
Nota de bibliografía, etc. Bibliografía: p. [117]-147.
610 27 - PUNTO DE ACCESO ADICIONAL DE MATERIA--NOMBRE DE ENTIDAD CORPORATIVA
Nombre de entidad corporativa o nombre de jurisdicción como elemento de entrada Albacete (Diócesis)
9 (RLIN) 165521
650 #7 - PUNTO DE ACCESO ADICIONAL DE MATERIA--TÉRMINO DE MATERIA
Término de materia o nombre geográfico como elemento de entrada Obispos-
Subdivisión geográfica Albacete.
9 (RLIN) 165522
651 #7 - PUNTO DE ACCESO ADICIONAL DE MATERIA--NOMBRE GEOGRÁFICO
Nombre geográfico Albacete (Provincia)-
Subdivisión general Historia eclesiástica.
9 (RLIN) 165523
830 0# - PUNTO DE ACCESO ADICIONAL DE SERIE-TÍTULO UNIFORME
Título uniforme Estudios y ensayos BAC ;
Designación de volumen o secuencia 195.
Título uniforme Historia
9 (RLIN) 225130
852 ## - LOCALIZACIÓN
Ubicación ES-MaACL
Número de control de estantería A-14253
itemnumber 195553
Sublocalización o colección R.151528
Ubicación en estantería Depósito 1
Signatura antigua Olim: N-7253
Anotaciones manuscritas Dedicatoria autógrafa de la autora
Donativo/Legado Donación: María José Vilar
903 ## - NOMBRE PERSONAL DE DONANTE
9 114799
a Vilar, María José
e Donante
942 ## - ELEMENTOS DE ENTRADA SECUNDARIOS (KOHA)
Fuente del sistema de clasificación o colocación Clasificación decimal universal
Tipo de ítem Koha Libro impreso
Holdings
Estatus retirado Estado de pérdida Fuente del sistema de clasificación o colocación Estado de daño No para préstamo Biblioteca de origen Biblioteca actual Ubicación en estantería Fecha de adquisición Fuente de adquisición Total de préstamos Signatura topográfica completa Código de barras Visto por última vez Precio de reemplazo Tipo de ítem Koha Nota pública
    Clasificación decimal universal     Biblioteca del Ateneo de Madrid Biblioteca del Ateneo de Madrid Depósito 1 20/09/2018 Donación   A-14253 1199322 23/02/2023 23/02/2023 Libro impreso Dedicatoria autógrafa de la autora